000 00643nam a2200193 i 4500
001 91447
003 ES-MaACL
005 20250728183050.0
007 t|
008 050131s1982 sp ||||1| spa d
100 1 _aLewandowski, Theodor.
_972023
245 1 0 _aDiccionario de lingüística /
_cTheodor Lewandowski ; [traductores: Mª Luz García-Denche Navarro, Enrique Bernárdez].
260 _aMadrid :
_bCátedra,
_c[1982]
300 _aXVI, 447 p. ;
_c24 cm.
700 1 _aGarcía-Denche Navarro, Mª Luz.
_954529
700 1 _aBernárdez, Enrique,
_d1949-
_9161110
852 _aES-MaACL
_jL-4083
_bR.104471
999 _c91447
_d91447